SPSS 15.0 guide to data analysis / (Record no. 11432)
[ view plain ]
| 000 -LEADER | |
|---|---|
| fixed length control field | 01643cam a2200349 a 4500 |
| 001 - CONTROL NUMBER | |
| control field | 14169707 |
| 005 - DATE AND TIME OF LATEST TRANSACTION | |
| control field | 20060630113819.0 |
| 008 - FIXED-LENGTH DATA ELEMENTS--GENERAL INFORMATION | |
| fixed length control field | 051116s2005 njua b 001 0 eng d |
| 010 ## - LIBRARY OF CONGRESS CONTROL NUMBER | |
| LC control number | 2005357517 |
| 020 ## - INTERNATIONAL STANDARD BOOK NUMBER | |
| International Standard Book Number | 0131593897 |
| 035 ## - SYSTEM CONTROL NUMBER | |
| System control number | (OCoLC)ocm58997556 |
| 040 ## - CATALOGING SOURCE | |
| Original cataloging agency | H2K |
| Transcribing agency | H2K |
| Modifying agency | BAKER |
| -- | CUV |
| -- | DLC |
| 042 ## - AUTHENTICATION CODE | |
| Authentication code | lccopycat |
| 050 00 - LIBRARY OF CONGRESS CALL NUMBER | |
| Classification number | HA32 |
| Item number | .N65148 2005 |
| 082 00 - DEWEY DECIMAL CLASSIFICATION NUMBER | |
| Classification number | 300.727 |
| Edition number | 22 |
| Item number | NOR |
| 100 1# - MAIN ENTRY--PERSONAL NAME | |
| Personal name | Norusis, M. J. |
| Fuller form of name | (Marija J.), |
| Dates associated with a name | 1948- |
| 9 (RLIN) | 4286 |
| 245 10 - TITLE STATEMENT | |
| Title | SPSS 15.0 guide to data analysis / |
| Statement of responsibility, etc | Marija J. Norusis. |
| 246 30 - VARYING FORM OF TITLE | |
| Title proper/short title | Guide to data analysis |
| 260 ## - PUBLICATION, DISTRIBUTION, ETC. (IMPRINT) | |
| Place of publication, distribution, etc | Upper Saddle River, N.J. : |
| Name of publisher, distributor, etc | Prentice Hall, |
| Date of publication, distribution, etc | 2006 |
| 300 ## - PHYSICAL DESCRIPTION | |
| Extent | xviii, 651 p. : |
| Other physical details | ill. ; |
| Dimensions | 23 cm. + |
| Accompanying material | 1 CD-ROM (4 3/4 in.) |
| 504 ## - BIBLIOGRAPHY, ETC. NOTE | |
| Bibliography, etc | Includes bibliographical references (p. 641-642) and index. |
| 538 ## - SYSTEM DETAILS NOTE | |
| System details note | System requirements of accompanying CD-ROM: Windows 98, Me, XP or Windows 2000. |
| 630 00 - SUBJECT ADDED ENTRY--UNIFORM TITLE | |
| Uniform title | SPSS for Windows. |
| 9 (RLIN) | 4287 |
| 630 00 - SUBJECT ADDED ENTRY--UNIFORM TITLE | |
| Uniform title | SPSS (Computer file) |
| 9 (RLIN) | 4288 |
| 650 #0 - SUBJECT ADDED ENTRY--TOPICAL TERM | |
| Topical term or geographic name as entry element | Social sciences |
| General subdivision | Computer programs. |
| 9 (RLIN) | 4289 |
| 650 #0 - SUBJECT ADDED ENTRY--TOPICAL TERM | |
| Topical term or geographic name as entry element | Social sciences |
| General subdivision | Statistical methods. |
| 9 (RLIN) | 4290 |
| 710 2# - ADDED ENTRY--CORPORATE NAME | |
| Corporate name or jurisdiction name as entry element | SPSS Inc. |
| 9 (RLIN) | 4291 |
| 942 ## - ADDED ENTRY ELEMENTS (KOHA) | |
| Source of classification or shelving scheme | Dewey Decimal Classification |
| Item type | Book - Borrowing |
| Withdrawn status | Item status | Source of classification or shelving scheme | Damaged status | Not for loan | Vendor | Home library | Current library | Shelving location | Date acquired | Source of acquisition | Cost, normal purchase price | Serial Enumeration / chronology | Total Checkouts | Total Renewals | Full call number | Barcode | Date last seen | Date last borrowed | Koha item type |
|---|---|---|---|---|---|---|---|---|---|---|---|---|---|---|---|---|---|---|---|
| Dewey Decimal Classification | Baccah | Central Library | Central Library | First floor | 26/04/2009 | 224.00 | 7072 | 3 | 45 | 300.727 NOR | 000016021 | 15/07/2025 | 17/05/2012 | Book - Borrowing | |||||
| Dewey Decimal Classification | Baccah | Central Library | Central Library | First floor | 26/04/2009 | 300.727 NOR | 000016020 | 24/08/2022 | CD | DVD - With book |